00725nam a2200265Ia 450000500170000000800460001702000180006303700100008104000080009104000080009904000080010704100080011504100080012308400080013110000330013924500340017226000220020626000220022826000090025065000300025985600480028994200100033799900210034795200910036820260121124608.0008 260114s9999 xx 000 0 eng d a9781501742835 aEBOOK aCRL beng cCRL 2eng aeng qCRL aPaarlberg, Robert L.9978663 0aFood Trade and Foreign Policy bWalter de Gruyter bWalter de Gruyter c1985 aPolitical Science9978664 uhttp://www.degruyter.com/isbn/9781501742835 cEBOOK c1555771d1555771 00104070aCRLbCRLd2026-01-21l0pCL1879885r2026-01-21 12:46:08w2026-01-21yEBOOK